000 00657nam a22001817a 4500
999 _c189363
_d189363
005 20220629101920.0
010 _aENG-133369
020 _a9789393330185
_c350.00
035 _aEN-116901
037 _bDBAD/PUB
082 _a512.482
100 _aPollatsek, Harriet
245 _aLie groups A problems oriented introduction via matrix groups/
_cHarriet pollatsek
260 _aHyderabad
_bUniversities press (India) Private Limited
_c2022
270 _bHyderabad
_a3-6-747/1/A &3- 6- 754/ 1Himayatnagar , Telangana , India
_e500029
_minfo@universitiespress.com;
300 _a173p
_bIndex
_c24cm(pbk)
942 _2ddc
_cEN
_h512.482
_mPOL